000 00696nam a2200289Ia 4500
005 20260324135859.0
008 008 260324s9999 xx 000 0 eng d
020 _a9781315809670
037 _aEBOOK
040 _aCRL
040 _beng
040 _cCRL
041 _2eng
041 _aeng
084 _qCRL
100 _aSuzanne Cherrin; J Dianne Garner
_91202271
245 0 _aWomen, Families, and Feminist Politics
245 2 _bA Global Exploration
260 _bTaylor and Francis
260 _c1999
365 _a
365 _b130
856 _uhttp://www.taylorfrancis.com/books/9781315809670
942 _cEBOOK
999 _c1803798
_d1803798